| 000 | 00798nam a2200241Ia 4500 | ||
|---|---|---|---|
| 005 | 20241016113711.0 | ||
| 008 | 210716s2019 xx 000 0 und d | ||
| 020 | _a9789353282073 | ||
| 040 | _cAIMIT LIBRARY | ||
| 041 | _aeng | ||
| 082 |
_a428.1 _21 _bKAKU |
||
| 100 |
_aKakarla, Ujjwala. _9182489 |
||
| 245 |
_aFunctional english for communication / _cBy Ujjwala Kakarla, Tanu Gupta and Leena Pundir. |
||
| 250 | _a1st ed. | ||
| 260 |
_aNew Delhi : _bSage Publications , _c2019. |
||
| 300 |
_aviii,309,A-24,I-5p. ; _bPB _c24.8 cm |
||
| 650 |
_aVocabulary building _9182490 |
||
| 650 |
_aBasic writing skills _9182491 |
||
| 650 |
_aNature and style of sensible writing _9182492 |
||
| 700 |
_aGupta, Tanu. _9182493 |
||
| 700 |
_a Pundir, Leena. _9182494 |
||
| 942 |
_2ddc _cBK _e1st _k428.1 KAKU |
||
| 999 |
_c211135 _d211135 |
||